Jennie - Handlebars (with Dua Lipa) (Lyrics) - Statistics

General Stats
  • This quiz has been taken 122 times
  • The average score is 226 of 295
Answer Stats
Lyrics % Correct
I
100%
a
99%
A
99%
the
97%
and
96%
and,
96%
And
96%
fall
96%
in
96%
in,
96%
like
96%
love
96%
you
96%
handlebars
94%
Just
94%
to
94%
me?
93%
me
93%
so
93%
So
93%
go
91%
trip
91%
it
90%
It
90%
We
90%
we
90%
Ove
88%
your
88%
always
87%
drunk
87%
for
87%
Over
87%
that
87%
all
85%
My
85%
my
85%
Why
85%
why
85%
hard
84%
never
82%
tonight
82%
twice,
82%
forever
81%
I'm
81%
lip,
81%
that's
81%
think
81%
Tuesday
81%
ground
79%
is
79%
what
79%
about
78%
About
78%
could
78%
fallin',
78%
fallin'
78%
Hitting
78%
kind
78%
lips
78%
lips,
78%
press
78%
together
78%
don't
76%
Mercy
76%
talk
76%
wonder
76%
doing
75%
them
75%
be
74%
ever
72%
or
72%
whatever
72%
baby,
71%
you're
71%
of
69%
ain't
68%
alone,
68%
If
68%
life
66%
rest
66%
but
60%
gotta
60%
am
59%
again
57%
time
57%
days
56%
mind
56%
seven
56%
can't
54%
Can't
54%
fools
54%
lost
54%
fixing
53%
nights
53%
this
53%
Na
51%
na
51%
still
51%
heard
50%
it's
50%
yeah,
50%
Another
49%
another
49%
else
49%
kiss,
49%
gonna
46%
on
46%
anything
43%
drink
43%
little
43%
true
43%
try
43%
frying
40%
rush
40%
shit
40%
single
40%
pan
38%
stop,
37%
too
37%
play
35%
round,
35%
crazy
31%
sleep,
31%
eat,
29%
bite
28%
burns
28%
buzzed
28%
say
25%
some
24%
Tryna
22%
cute
21%
slip
19%
probably
18%
No matching quizzes found
Score Distribution
Percent of People with Each Score
Percentile by Number Answered
Your Score History
You have not taken this quiz